00894nam a2200205 a 450000100100000000500170001000800410002704000250006810000280009324500510012126000530017230000210022549000520024650000210029883000590031904900090037895201780038795201060056599900170067100003500020200930074034.0111024s1956 mx 000 0 spa d aDO-SdBNPbspacBNPHU1 aDilthey, Wilhelm96061110aHistoria de la filosofía /cWilhelm Dilthey. aMéxico :bFondo de Cultura Económica,c1956. a273 p. ;c19 cm.1 aBreviarios del Fondo de Cultura Económicav50 aIncluye índice 0aBreviarios del Fondo de Cultura Económicav50925786 aBNPD 001050718MOaGRbGRcCTd2011-10-24iLF1l0o p35000-10r2020-06-25w2020-06-25y1zPerteneció a la biblioteca personal de Juan Isidro Jimenes Grullón.ZNo se presta 0010507-18MOaGRbGRcOId2011-10-24iLF1l0o p35000-20r2020-06-25w2020-06-25y1ZNo se presta c34491d34491